| 000 | 00980nam a2200301 a 4500 | ||
|---|---|---|---|
| 001 | 000114513 | ||
| 003 | CHAP | ||
| 005 | 20220329144444.0 | ||
| 008 | 180209s1990 mx |r| ||||||spa d | ||
| 010 | _a110974 | ||
| 011 | _a111946 | ||
| 020 | _a968-842-219-3(Volumen ll) | ||
| 020 | _a9688422177(Obra General) | ||
| 040 | _cCHAP | ||
| 082 | 0 | 4 |
_a333.720972 _bM49 |
| 245 | 0 | 0 |
_aMedio ambiente y desarrollo en México / _ccoordinado por Enrique Leff. |
| 260 |
_aMéxico, D.F. : _bCentro de Investigaciones Interdisciplinarias en Humanidades. UNAM _bMiguel Angel Porrua, _c1990. |
||
| 300 | _av. | ||
| 500 | _aLa biblioteca de San Luis Acatlan tiene el v.2 | ||
| 590 |
_aE5765TAJ _b05 _c20180209 _lUCH01 _h0838 |
||
| 650 | 1 | 4 |
_aMedio ambiente _xProtección _zMéxico. _974111 |
| 650 | 1 | 4 |
_aPolítica ambiental _xMéxico. _990426 |
| 650 | 1 | 4 |
_aRecursos naturales _xMéxico. _995299 |
| 700 | 0 |
_aLeff, Enrique _ecoord. _965632 |
|
| 901 | _aBK | ||
| 942 | _cLIBRO | ||
| 942 | _n0 | ||
| 999 |
_c110974 _d110974 |
||